What countries bordered USSR 100 years ago - Statistics

General Stats
  • This quiz has been taken 20 times
  • The average score is 4 of 13
Answer Stats
Hint Answer % Correct
J Japan
83%
N Norway
78%
A Afghanistan
72%
P Persia
44%
T Taiwan
28%
F Free Finland
17%
G Free Georgia
17%
P Free Poland
17%
A Free Azerbaijan
11%
E Free Estonia
11%
L Free Latvia
11%
L Free Lithuania
11%
U Free Ukraine
11%
No matching quizzes found
Score Distribution
Percent of People with Each Score
Percentile by Number Answered
Your Score History
You have not taken this quiz